000 05973 am a2201273 4500
003 AR-RoUNA
005 20250930062954.0
008 050811s2004||||ag|aeo|| |||1 0|spa d
020 _a9879741003X
040 _aAR-RoUNA
_bspa
_cspa
044 _aag
080 _a72.03
_x(82)
245 1 0 _aSumma + Historia
_b: Documentos de Arquitectura Argentina /
_cDardo Arbide... [et al]
250 _a1a. ed.
260 _aBuenos Aires, Argentina :
_bDonn,
_c2004.
_eArgentina
300 _a159 p. :
_bil. col.
_bil.
_bplanos
_c34 cm.
440 0 _aSumma +
_93329
500 _aIncluye somero curriculum vitae de los autores. .
505 0 _tPrólogo
505 0 _aRafael Iglesia / Historia de la Arquitectura: ¿Para qué?. p.6/7
505 0 _tMartha Levisman / Documentos dibujados. p.8-15
505 0 _aIglesia de los Padres Capuchinos "Sagrado Corazón"
505 0 _aEdificio Campomar
505 0 _aCasa de departamentos para una familia
505 0 _aAntumalal (Torre y casa principal)
505 0 _aLocal casa América. Proyecto
505 0 _aCasa Sorensen
505 0 _tClara Hendlin / Dibujos Históricos. Acervo del Instituto de arte Americano. p.16-23
505 0 _aAlejandro Bustillo
505 0 _aJorge Sabaté
505 0 _aLeón Dourge
505 0 _aEduardo Sacriste
505 0 _tRafael Francisco Navas / Apuntes de la historia del puerto de Buenos Aires. p.24-29
505 0 _tRaúl Francisco Navas / La fundación de La Plata: La leyenda de Pedro Benoit. p.30-35
505 0 _tMartha Marengo de Tapia / Así dibujaba Thays. p.36-45
505 0 _tGuillermo Tella / Benito Carrasco: El camino de la costa. p.46-53
505 0 _tHoracio J. Spinetto / Avenida de Mayo centenaria. p.54-55
505 0 _tCarlos Hilger / Hércules en la Av. de Mayo. p.56-57
505 0 _tCarlos Hilger / El Palacio Barolo: Mario Palanti, su monumento al genio Latino. p.58-65
505 0 _tCarlos Hilger / Iconografía Egipcia en Buenos Aires. p.66-69
505 0 _tHoracio Spinetto / Coronamientos Porteños. p70-75
505 0 _tCarlos Hilger / Simbolismo Cosmológico. p.76-77
505 0 _tFernando Diez / Urbanismo y Decoración. p.78-83
505 0 _tCocó de Larrañaga / Rascacielos Modernos: El Kavanagh, el Safico y el Comega. p. 84-89
505 0 _tFernando Williams / Estudio Follett: Documentos de una colección. p.90-
505 0 _tJorge Tartarini / Arquitectura Ferroviaria: Remedio para melancólicos. p.96-99
505 0 _tMario Sabugo / Virginio Colombo. p.100-101
505 0 _tHoracio Caride / Francisco Gianotti: El laboratorio del estilo. p.102-109
505 0 _tHoracio Caride y Mario Sabugo / Moles Gianottianas. p.
505 0 _tHoracio Caride y Mario Sabudo / Moles Gianottianas. p.110-111
505 0 _tRamón Gutierrez / Eduardo Le Monnier: La fragancia del academiscísmo ecléctico. p.112-121
505 0 _tRita MOlinos y Mario Sabugo / Los Christophersen: La riqueza y la labor. p.122-123
505 0 _tMario Sabugo / Santa Rosa de Lima: ¿Perigordiana o Poitevina?. p.124-125
505 0 _tRamón Gutierrez y Patricia Méndez / Alberto Prebisch: Testimonio del siglo que se fue. p.126-133
505 0 _tRamón Gutierrez / Andrés Kálnay: Una modernidad distinta. p.134-141
505 0 _tDardo Arbide / Francisco Salamone: Una arquitectura de los márgenes. p.142-147
505 0 _tMario Sabugo / La maniera salamónica: Referencias y relaciones en la obra de Francisco Salamone. p.148-149
505 0 _tRamón Gutiérrez / Casas Blancas: Un monumento de reflexión sobre la arquitectura argentina. p.150-157
520 _aCompilacion de los articulos mas interesantes desde el punto de vista documental de sus imagenes y textos teoricos o historiograficos, que se encuentran incluidos en los 63 volumenes de Summa+ y en Documentos.
600 0 _aSalamone, Francisco,
_d1897-1959.
_93330
600 1 4 _aChristophersen, Alejandro,
_d1866-1946.
_93331
600 1 4 _aFollet, Sydney G,
_d1883-1968.
_93332
600 0 _aKalnay, Andres,
_d1893-1982.
_93333
600 1 4 _aPrebisch, Alberto,
_d1899-1970.
_93334
600 1 4 _aLe Monnier, Eduardo,
_d1873-1931.
_92669
600 0 _aGianotti, Francisco,
_d1881-1967.
_93335
600 1 4 _aColombo, Virginio.
_93336
600 0 _aThays, Carlos,
_d1849-1936.
_93337
600 1 4 _aDourge, Leon,
_93338
650 4 _aHistoria
650 4 _aArquitectura paisajista
650 4 _aCúpulas
650 4 _aCasablanquismo
650 4 0 _aArquitectura
650 4 _aArquitectura Ferroviaria
650 4 _aArquitectura Portuaria
650 4 _aPalacios
650 4 _aArt Deco
650 4 _aArquitectura Academicista
650 4 _aArquitectura Funeraria
651 4 _aFisherton (Rosario, Santa Fe)
_924997
653 _aParque San Isidro
653 _aEstación Retiro
653 _aVivienda para R. Thompson, Fishereton, Santa Fe
653 _aBasílica Santa Rosa de Lima (Buenos Aires)
653 _aIglesia Nuestra Señora de Fátima (Martínez, Buenos Aires)
700 _93346
_aArbide, Dardo Miguel
700 _aDiez, Fernando.
_93347
700 _aGutierrez, Ramon.
_9563
700 _aHendlin, Clara.
_93348
700 _aCaride, Horacio Eduardo.
_93349
700 _aHilger, Carlos.
_93350
700 _aIglesia, Rafael
_d1952-2015
_913978
700 _aLarrañaga, Maria Isabel de.
_93351
700 1 _aLevisman, Martha.
_93352
700 1 _aMarengo de Tapia, Martha.
_93353
700 1 _aMendez, Patricia.
_92671
700 1 _aMolino, Rita.
_93354
700 1 _aNavas, Raul Francisco (h).
_93355
700 1 _aSpinetto, Horacio J.
_93356
700 1 _aTartarini, Jorge D.
_93357
700 1 _aTella, Guillermo.
_93358
700 1 _aWilliams, Fernando.
_93359
700 1 _9565
_aSabugo, Mario S.
908 _aImp
942 _cLIB
_s1
_2udc
945 _aMEM
_bCatalogador - Indizador
_d2022-10-13
980 _8
_gCRON CRON
999 _c1
_d1